000 00669cam a22002171 4500
001 ne 63000949
003 DLC
005 20260227111745.0
008 900503s1962 ua a 000 1 ararc
010 _ane 63000949
025 _aPL480:UAR-2310
035 _a(OCoLC)21476836
040 _aPrinceton Univ. Libr.
_cWaU
_dDLC
042 _apremarc
050 0 0 _aPJ7862.H273
_bU8
100 1 _aShārūnī, Yūsuf.
245 1 3 _aal-ʻUshshāq al-khamsah
_c[taʼlīf] Yūsuf al-Shārūnī.
260 _a[al-Qāhirah,
_bal-Dār al-Qawmīyah lil-Ṭibāʻah wa-al-Nashr,
_c1962?]
300 _a182 p.
_billus.
_c24 cm.
490 0 _aKitāb al-Māsī, qiṣaṣ ʻArabïyah
999 _c45867
_d45867